| 000 | 00365nam a22001577a 4500 | ||
|---|---|---|---|
| 003 | OSt | ||
| 005 | 20240322121346.0 | ||
| 008 | 170729b xxu||||| |||| 00| 0 eng d | ||
| 020 | _a 978-0070850477 | ||
| 040 | _cSEROSOFT | ||
| 100 | _aBEISER,ARTHUR | ||
| 245 | _aPERSPECTIVES OF MODERN PHYSICS | ||
| 260 |
_aDELHI _bTMH _c1969 |
||
| 300 | _a608 | ||
| 942 |
_2ddc _c03 |
||
| 999 |
_c35995 _d35995 |
||